Utilisateurs de GLACE dans les mangas - Mort Subite - Statistiques

Statistiques générales
  • Ce quiz a été pris 44 fois
  • Le résultat moyen est 6 sur 15
Answers on the Grid
Answers color-coded by a green-red scale on the quiz's grid according to % correct below.
Dio Brando
Ghiacco
Pet Shop
Hyoga
Camus
Kuzan
Hitsugaya Toshiro
Rukia Kuchiki
Haku
Todoroki Shoto
Grey Fullbuster
Esdeath
Blazzard
Doma
Leon Vastia
Broly
Sena Kobayakawa
Zeleph
Ban
Black Star
Orochimaru
Isaac Netero
Satoru Gojo
Kenichi Shirahama
Hyunckel
Gama Kurogane
Asta
Touka Kirishima
Senku Ishigami
Makima
 
Statistiques - réponses
Réponse % Correct
Todoroki Shoto
84%
Grey Fullbuster
65%
Hitsugaya Toshiro
62%
Haku
59%
Blazzard
57%
Rukia Kuchiki
57%
Kuzan
54%
Esdeath
46%
Hyoga
35%
Leon Vastia
30%
Doma
24%
Dio Brando
16%
Pet Shop
16%
Camus
14%
Ghiacco
11%
Aucun quiz correspondant
Distribution des résultats
% des personnes avec chaque résultat
Percentile par nombre de réponses
Votre historique - résultats
Vous n’avez pas pris ce quiz